UEFA Champions League 2023-24 Round of 16 Starting XI - Statistics

General Stats
  • This quiz has been taken 2,661 times
  • The average score is 101 of 176
Answer Stats
Team Player % Correct
Real Madrid Vinicius Júnior
97%
Real Madrid Andriy Lunin
96%
Real Madrid Rodrygo
96%
Real Madrid Toni Kroos
96%
Real Madrid Dani Carvajal
95%
Real Madrid Federico Valverde
95%
Manchester City Ederson
93%
Real Madrid Eduardo Camavinga
93%
Bayern Munich Manuel Neuer
93%
Manchester City Erling Haaland
92%
Real Madrid Ferland Mendy
92%
Bayern Munich Harry Kane
92%
Bayern Munich Kim Min-jae
92%
Manchester City Rúben Dias
92%
Manchester City Kevin De Bruyne
91%
Manchester City Phil Foden
91%
Manchester City Rodri
91%
Manchester City Bernardo Silva
90%
Manchester City John Stones
90%
Paris Saint-Germain Achraf Hakimi
89%
Real Madrid Aurélien Tchouaméni
89%
Paris Saint-Germain Gianluigi Donnarumma
89%
Manchester City Kyle Walker
89%
FC Barcelona Marc-André ter Stegen
88%
Manchester City Nathan Aké
88%
FC Barcelona Robert Lewandowski
87%
Real Sociedad André Silva
86%
Real Madrid Nacho
86%
Bayern Munich Dayot Upamecano
85%
Bayern Munich Joshua Kimmich
85%
Paris Saint-Germain Kylian Mbappé
85%
Paris Saint-Germain Marquinhos
85%
FC Barcelona Frenkie de Jong
84%
Manchester City Jack Grealish
84%
Atletico Madrid Jan Oblak
84%
Inter Milan Lautaro Martínez
84%
PSV Eindhoven Luuk de Jong
84%
Inter Milan Yann Sommer
84%
Bayern Munich Jamal Musiala
83%
Bayern Munich Leon Goretzka
83%
Arsenal Martin Ødegaard
83%
FC Barcelona Ronald Araújo
83%
Bayern Munich Thomas Müller
83%
Atletico Madrid Antoine Griezmann
82%
FC Barcelona Iñigo Martínez
82%
Paris Saint-Germain Ousmane Dembélé
82%
Arsenal Bukayo Saka
81%
Borussia Dortmund Emre Can
81%
Bayern Munich Leroy Sané
81%
Arsenal David Raya
80%
FC Barcelona Jules Koundé
80%
Arsenal William Saliba
80%
Arsenal Gabriel Martinelli
79%
Napoli Victor Osimhen
79%
Arsenal Gabriel Dos Santos
78%
FC Barcelona İlkay Gündoğan
77%
Bayern Munich Noussair Mazraoui
77%
Paris Saint-Germain Vitinha
77%
Arsenal Declan Rice
76%
Napoli Khvicha Kvaratskhelia
76%
Inter Milan Hakan Çalhanoğlu
75%
FC Barcelona João Cancelo
75%
Arsenal Leandro Trossard
75%
Arsenal Kai Havertz
74%
Inter Milan Marcus Thuram
74%
Inter Milan Nicolò Barella
74%
Bayern Munich Raphaël Guerreiro
73%
Arsenal Ben White
72%
Borussia Dortmund Marcel Sabitzer
72%
Inter Milan Alessandro Bastoni
71%
Paris Saint-Germain Fabián Ruiz
71%
Borussia Dortmund Jadon Sancho
70%
RB Leipzig Péter Gulácsi
70%
Inter Milan Henrikh Mkhitaryan
69%
Atletico Madrid José María Giménez
69%
RB Leipzig Xavi Simons
69%
RB Leipzig Benjamin Šeško
68%
Atletico Madrid Koke
68%
FC Barcelona Lamine Yamal
68%
Real Sociedad Takefusa Kubo
68%
FC Barcelona Andreas Christensen
67%
Paris Saint-Germain Bradley Barcola
67%
Borussia Dortmund Mats Hummels
67%
Inter Milan Stefan de Vrij
67%
Inter Milan Federico Dimarco
66%
Atletico Madrid Rodrigo De Paul
66%
Lazio Ciro Immobile
65%
RB Leipzig Loïs Openda
65%
RB Leipzig Willi Orban
65%
Napoli Andre-Frank Zambo Anguissa
61%
Real Madrid Brahim Díaz
60%
Porto Diogo Costa
60%
Arsenal Jakub Kiwior
60%
Borussia Dortmund Marco Reus
60%
Paris Saint-Germain Warren Zaire-Emery
60%
Napoli Alex Meret
58%
Atletico Madrid Axel Witsel
58%
Inter Milan Benjamin Pavard
58%
Napoli Juan Jesus
58%
Atletico Madrid Nahuel Molina
58%
Borussia Dortmund Nico Schlotterbeck
58%
FC Barcelona Pedri
58%
Napoli Stanislav Lobotka
58%
Borussia Dortmund Niclas Füllkrug
56%
RB Leipzig Dani Olmo
55%
Napoli Giovanni Di Lorenzo
55%
Porto Pepe
54%
Porto Pepê
54%
Atletico Madrid Saúl Ñíguez
53%
Paris Saint-Germain Danilo Pereira
52%
Borussia Dortmund Donyell Malen
52%
PSV Eindhoven Hirving Lozano
50%
Borussia Dortmund Ian Maatsen
49%
Real Sociedad Mikel Merino
49%
PSV Eindhoven Sergiño Dest
49%
Borussia Dortmund Julian Ryerson
48%
Inter Milan Matteo Darmian
47%
Napoli Matteo Politano
46%
Real Sociedad Martín Zubimendi
45%
Atletico Madrid Marcos Llorente
44%
Napoli Amir Rrahmani
43%
Lazio Felipe Anderson
43%
Lazio Elseid Hysaj
42%
Lazio Luis Alberto
42%
RB Leipzig Lukas Klostermann
41%
RB Leipzig David Raum
40%
Lazio Mattéo Guendouzi
40%
Lazio Ivan Provedel
37%
Real Sociedad Álex Remiro
36%
Paris Saint-Germain Lucas Beraldo
36%
RB Leipzig Mohamed Simakan
36%
Real Sociedad Robin Le Normand
36%
Napoli Mathías Olivera
35%
Atletico Madrid Samuel Lino
35%
Atletico Madrid Mario Hermoso
34%
PSV Eindhoven Walter Benítez
33%
RB Leipzig Xaver Schlager
33%
Real Sociedad Hamari Traoré
32%
PSV Eindhoven Johan Bakayoko
31%
Lazio Adam Marušić
29%
Lazio Alessio Romagnoli
28%
Porto Galeno
27%
Porto Evanilson
24%
RB Leipzig Benjamin Henrichs
19%
Real Sociedad Brais Méndez
19%
PSV Eindhoven Olivier Boscagli
19%
Lazio Gustav Isaksen
18%
PSV Eindhoven Malik Tillman
18%
Borussia Dortmund Alexander Meyer
17%
Napoli Jens Cajuste
17%
Real Sociedad Igor Zubeldia
16%
PSV Eindhoven Ismael Saibari
16%
PSV Eindhoven Joey Veerman
16%
FC Copenhagen Kamil Grabara
16%
Lazio Mario Gila
15%
Porto Wendell
15%
Real Sociedad Ander Barrenetxea
14%
Porto Nicolás González
14%
Real Sociedad Javi Galán
13%
Porto João Mário
13%
PSV Eindhoven Jordan Teze
13%
FC Copenhagen Mohamed Elyounoussi
13%
Lazio Danilo Cataldi
12%
PSV Eindhoven Jerdy Schouten
12%
Porto Alan Varela
11%
FC Copenhagen Denis Vavro
10%
FC Copenhagen Diogo Gonçalves
8%
Porto Francisco Conceição
8%
FC Copenhagen Kevin Diks
7%
FC Copenhagen Scott McKenna
7%
FC Copenhagen Rasmus Falk
5%
FC Copenhagen Viktor Claesson
5%
FC Copenhagen Elias Jelert
4%
FC Copenhagen Elias Achouri
3%
FC Copenhagen Magnus Mattsson
3%
Porto Otavio Ataide
2%
No matching quizzes found
Score Distribution
Percent of People with Each Score
Percentile by Number Answered
Your Score History
You have not taken this quiz